[Event "10. Torneo San Viator"]
[Site "Madrid ESP"]
[Date "2008.06.22"]
[Round "7.3"]
[White "Sarabia Utrilla, Joaquin"]
[Black "Fernandez Lledo, Javier"]
[Result "0-1"]
[WhiteElo "1844"]
[BlackElo "1858"]
[PlyCount "72"]
[EventDate "2008.05.11"]
[EventType "swiss"]
[EventRounds "9"]
[EventCountry "ESP"]
[Source "lmi"]
[SourceDate "2008.05.11"]

1. d4 d5 2. c4 c6 3. Nf3 Nf6 4. cxd5 cxd5 5. Nc3 e6 6. Bg5 Be7 7. e3 a6 8. Bd3
Nbd7 9. O-O b5 10. a3 Bb7 11. Rc1 O-O 12. Ne2 Rc8 13. Ng3 h6 14. Bf4 Ne4 15.
Bxe4 dxe4 16. Nd2 g5 17. Bxg5 Rxc1 18. Qxc1 hxg5 19. Ndxe4 f5 20. Nc3 Nf6 21.
Qd1 Kg7 22. Re1 Rh8 23. e4 f4 24. e5 fxg3 25. exf6+ Bxf6 26. fxg3 Qxd4+ 27. Kf1
Qxd1 28. Rxd1 Bxc3 29. bxc3 Bd5 30. h3 g4 31. h4 Rc8 32. Rd4 Rc4 33. Rd3 Ra4
34. Kf2 Rxa3 35. Rd4 Ra4 36. Rd2 Ra2 0-1

[Event "10. Torneo San Viator"]
[Site "Madrid ESP"]
[Date "2008.06.22"]
[Round "7.4"]
[White "Baquero Sainz, Pedro Pablo"]
[Black "Tobar Quinones, Jose Pablo"]
[Result "0-1"]
[WhiteElo "1761"]
[BlackElo "1875"]
[PlyCount "144"]
[EventDate "2008.05.11"]
[EventType "swiss"]
[EventRounds "9"]
[EventCountry "ESP"]
[Source "lmi"]
[SourceDate "2008.05.11"]

1. e4 d6 2. d4 Nf6 3. Nc3 e5 4. dxe5 dxe5 5. Qxd8+ Kxd8 6. Bc4 Be6 7. Bxe6 fxe6
8. Nge2 Nc6 9. Bg5 h6 10. Bd2 Bc5 11. f3 a6 12. O-O-O Ke7 13. a3 Nd4 14. Ng3
Nc6 15. f4 Rhf8 16. f5 Bf2 17. Nce2 Rad8 18. Rhf1 Ba7 19. fxe6 Kxe6 20. Nc3 Rf7
21. Nf5 Nxe4 22. Nxg7+ Rxg7 23. Nxe4 Rg6 24. g4 Nd4 25. c3 Nb5 26. Rf5 Nd6 27.
Nxd6 cxd6 28. Rdf1 Rd7 29. Rh5 e4 30. Rxh6 Rxh6 31. Bxh6 Rh7 32. g5 Be3+ 33.
Kd1 Ke5 34. Ke2 Bf4 35. h4 d5 36. Re1 Rc7 37. h5 b5 38. Bf8 Rf7 39. Bc5 Kf5 40.
g6 Rg7 41. Bd4 Rg8 42. g7 Bg5 43. Rh1 Bh6 44. Rg1 Bg5 45. b3 a5 46. c4 dxc4 47.
bxc4 bxc4 48. Rb1 Bh6 49. Rb5+ Kg4 50. Rxa5 Bxg7 51. Bxg7 Rxg7 52. h6 Rh7 53.
Rc5 Rxh6 54. Rxc4 Kf4 55. a4 Rh2+ 56. Kf1 Kf3 57. Kg1 Ra2 58. Rc8 Rxa4 59. Rf8+
Ke3 60. Rh8 Ra1+ 61. Kg2 Ke2 62. Rh4 e3 63. Re4 Rf1 64. Ra4 Rf2+ 65. Kg1 Kf3
66. Ra3 Rb2 67. Ra1 Ke2 68. Ra3 Kd2 69. Ra1 e2 70. Kf2 Rb8 71. Ra2+ Kd1 72.
Rxe2 Rf8+ 0-1

[Event "10. Torneo San Viator"]
[Site "Madrid ESP"]
[Date "2008.06.22"]
[Round "7.5"]
[White "Montero Montero, Juan Jose"]
[Black "Aburto Renovales, Rafael"]
[Result "1-0"]
[WhiteElo "1718"]
[BlackElo "1593"]
[PlyCount "159"]
[EventDate "2008.05.11"]
[EventType "swiss"]
[EventRounds "9"]
[EventCountry "ESP"]
[Source "lmi"]
[SourceDate "2008.05.11"]

1. e4 c5 2. Nf3 d6 3. Bb5+ Bd7 4. Bxd7+ Nxd7 5. O-O Ngf6 6. d3 e6 7. c4 g6 8.
b3 Bg7 9. Bb2 a6 10. Nc3 Rb8 11. a4 O-O 12. Rb1 Qc7 13. Re1 Rfe8 14. Nh4 Qc6
15. f4 Nh5 16. f5 Bd4+ 17. Kf1 Ne5 18. Na2 Nf4 19. Nc1 exf5 20. Bxd4 cxd4 21.
exf5 g5 22. Nf3 Ng4 23. Rb2 Ne3+ 24. Rxe3 dxe3 25. Ne2 g4 26. Nxf4 gxf3 27.
gxf3 e2+ 28. Nxe2 Qxf3+ 29. Kg1 Re5 30. Qf1 Qxf1+ 31. Kxf1 Rxf5+ 32. Kg2 Re8
33. Ng3 Rg5 34. Kf2 f5 35. b4 Re5 36. Ne2 d5 37. d4 Re4 38. c5 Reg4 39. c6 bxc6
40. b5 cxb5 41. axb5 axb5 42. Rxb5 f4 43. h3 Rh4 44. Ng1 Kf7 45. Nf3 Rhh5 46.
Nxg5+ Rxg5 47. Kf3 h5 48. Kxf4 Rg1 49. Rxd5 Kg6 50. Rd6+ Kg7 51. d5 Rh1 52. Kg3
Re1 53. Kf4 Rh1 54. Kg3 Re1 55. Kh4 Re5 56. Rd7+ Kf6 57. d6 Rd5 58. Rd8 Ke6 59.
d7 Ke7 60. Rh8 Kxd7 61. Rxh5 Rd6 62. Kg5 Ke8 63. Rh6 Rd5+ 64. Kg6 Kf8 65. Rh8+
Ke7 66. h4 Rd6+ 67. Kg7 Rd4 68. h5 Rg4+ 69. Kh7 Kf7 70. h6 Rh4 71. Rg8 Kf6 72.
Rg6+ Kf7 73. Rg7+ Kf6 74. Rg6+ Kf5 75. Kg7 Kf4 76. h7 Kf5 77. Rh6 Rg4+ 78. Kf7
Rd4 79. h8=Q Rd7+ 80. Ke8 1-0

[Event "10. Torneo San Viator"]
[Site "Madrid ESP"]
[Date "2008.06.28"]
[Round "8.1"]
[White "Orfali, Marcelo-Rafael"]
[Black "Tobar Quinones, Jose Pablo"]
[Result "1-0"]
[WhiteElo "2083"]
[BlackElo "1875"]
[PlyCount "71"]
[EventDate "2008.05.11"]
[EventType "swiss"]
[EventRounds "9"]
[EventCountry "ESP"]
[Source "lmi"]
[SourceDate "2008.05.11"]

1. d4 d6 2. g3 c5 3. Nf3 cxd4 4. Nxd4 e5 5. Nb3 Nf6 6. Bg2 Nc6 7. e4 Be7 8. Nc3
O-O 9. O-O Be6 10. Nd5 Qd7 11. f3 Rac8 12. c3 Bd8 13. Qd3 Ne7 14. c4 Nfxd5 15.
cxd5 Bb6+ 16. Be3 Bxe3+ 17. Qxe3 Bh3 18. Qxa7 Bxg2 19. Kxg2 Rc2+ 20. Rf2 Rfc8
21. Raf1 f5 22. Rxc2 Rxc2+ 23. Rf2 Qc7 24. Qe3 Rc4 25. Qd3 fxe4 26. fxe4 Ra4
27. Qf3 Qd8 28. Qf7+ Kh8 29. Nd2 Rxa2 30. Nf3 h6 31. Nh4 Kh7 32. Qe6 b5 33. Rf7
Rxb2+ 34. Kh3 Kh8 35. Qxe7 Qxe7 36. Ng6+ 1-0

[Event "10. Torneo San Viator"]
[Site "Madrid ESP"]
[Date "2008.06.28"]
[Round "8.5"]
[White "Garcia Hernandez, Javier"]
[Black "Montero Montero, Juan Jose"]
[Result "1/2-1/2"]
[WhiteElo "1557"]
[BlackElo "1718"]
[PlyCount "69"]
[EventDate "2008.05.11"]
[EventType "swiss"]
[EventRounds "9"]
[EventCountry "ESP"]
[Source "lmi"]
[SourceDate "2008.05.11"]

1. d4 Nf6 2. c4 e6 3. Nc3 Bb4 4. Qc2 b6 5. a3 Be7 6. Bg5 Bb7 7. Nf3 d6 8. e3
Nbd7 9. Be2 O-O 10. O-O Nh5 11. Bxe7 Qxe7 12. Nd2 Nhf6 13. Bf3 Bxf3 14. Nxf3 c6
15. e4 e5 16. Rad1 Rfd8 17. dxe5 Nxe5 18. Nxe5 Qxe5 19. b4 d5 20. exd5 cxd5 21.
Rfe1 Qg5 22. cxd5 Nxd5 23. Nxd5 Rxd5 24. Rxd5 Qxd5 25. Rd1 Qe6 26. Qc7 Re8 27.
g3 a5 28. bxa5 bxa5 29. Qxa5 h6 30. Rd8 Rxd8 31. Qxd8+ Kh7 32. Qd3+ Kg8 33. a4
Kf8 34. a5 Qe1+ 35. Qf1 1/2-1/2

[Event "10. Torneo San Viator"]
[Site "Madrid ESP"]
[Date "2008.06.29"]
[Round "9.1"]
[White "Andalon Gomez, Carlos Jesus"]
[Black "Orfali, Marcelo-Rafael"]
[Result "1-0"]
[WhiteElo "2019"]
[BlackElo "2083"]
[PlyCount "41"]
[EventDate "2008.05.11"]
[EventType "swiss"]
[EventRounds "9"]
[EventCountry "ESP"]
[Source "lmi"]
[SourceDate "2008.05.11"]

1. d4 d5 2. c4 c6 3. Nf3 e6 4. Nc3 f5 5. g3 Nf6 6. Bg2 Bd6 7. O-O O-O 8. b3 Ne4
9. Qc2 Nd7 10. Bb2 Qf6 11. Qd3 g5 12. Nd2 Qh6 13. f3 Nxg3 14. hxg3 Bxg3 15.
Rfc1 Qh2+ 16. Kf1 Nf6 17. Qe3 Bf4 18. Qd3 Nh5 19. e3 Ng3+ 20. Kf2 Nh1+ 21. Rxh1
1-0

[Event "10. Torneo San Viator"]
[Site "Madrid ESP"]
[Date "2008.06.29"]
[Round "9.2"]
[White "Lopez Ayala, Pedro"]
[Black "Aburto Renovales, Rafael"]
[Result "1-0"]
[WhiteElo "2043"]
[BlackElo "1593"]
[PlyCount "51"]
[EventDate "2008.05.11"]
[EventType "swiss"]
[EventRounds "9"]
[EventCountry "ESP"]
[Source "lmi"]
[SourceDate "2008.05.11"]

1. d4 d5 2. c4 c6 3. Nc3 Nf6 4. Nf3 e6 5. Bg5 Nbd7 6. cxd5 cxd5 7. a3 b6 8. e3
Bb7 9. Rc1 Be7 10. Bd3 O-O 11. O-O Rc8 12. b4 h6 13. Bh4 a6 14. Qb3 b5 15. a4
bxa4 16. Nxa4 Nb6 17. Nc5 Bxc5 18. bxc5 g5 19. Bg3 Rc6 20. Ne5 Rc8 21. Rb1 Ne4
22. Qxb6 Rc7 23. Bxe4 dxe4 24. Ng6 Rc8 25. Nxf8 Bd5 26. Bd6 1-0

[Event "10. Torneo San Viator"]
[Site "Madrid ESP"]
[Date "2008.06.29"]
[Round "9.3"]
[White "Tobar Quinones, Jose Pablo"]
[Black "Montero Montero, Juan Jose"]
[Result "1-0"]
[WhiteElo "1875"]
[BlackElo "1718"]
[PlyCount "81"]
[EventDate "2008.05.11"]
[EventType "swiss"]
[EventRounds "9"]
[EventCountry "ESP"]
[Source "lmi"]
[SourceDate "2008.05.11"]

1. d4 Nf6 2. Bf4 e6 3. e3 d5 4. c3 Bd6 5. Bg3 Nbd7 6. Bd3 Bxg3 7. hxg3 e5 8.
Nd2 e4 9. Be2 Nb6 10. Nh3 Be6 11. Nf4 Qd7 12. Nxe6 Qxe6 13. Rc1 Rc8 14. c4 c6
15. c5 Nbd7 16. b4 b5 17. a4 a6 18. axb5 axb5 19. Ra1 O-O 20. Nb3 Ra8 21. Na5
g6 22. g4 g5 23. O-O Rfc8 24. g3 Kg7 25. Kg2 h6 26. Rh1 Ne8 27. Rh3 Nc7 28. Qd2
Nf6 29. Rah1 Rh8 30. Nb7 Rab8 31. Nd6 Nfe8 32. Nf5+ Kf8 33. Rxh6 Rxh6 34. Rxh6
Nf6 35. Qa2 Ra8 36. Qb1 Nce8 37. Rh8+ Ng8 38. Qh1 Qg6 39. Rxg8+ Qxg8 40. Qh6+
Ng7 41. Qd6+ 1-0